| 000 | 00593nam a2200205Ia 4500 | ||
|---|---|---|---|
| 005 | 20250508152714.0 | ||
| 008 | 008 250505s9999 xx 000 0 hin d | ||
| 037 | _aTextual | ||
| 040 |
_aFEDL _beng _cFEDL |
||
| 041 |
_ahin _2hin |
||
| 084 |
_a016.89143, SIN _qFEDL |
||
| 100 |
_aUdaybhanushing _9762193 |
||
| 245 | 0 | _aHindi key svikriti shodh-prabandh | |
| 260 |
_aDelhi, India _bNational Publishing House _c1956 |
||
| 300 | _a352p. | ||
| 365 |
_aINR _b15 |
||
| 650 |
_aEducation-Bibliography _9762194 |
||
| 942 |
_cTEXL _h016.89143, SIN |
||
| 999 |
_c1338184 _d1338184 |
||